NLSUI OPAC header image

Understanding Privacy / (Record no. 211682)

MARC details
000 -LEADER
fixed length control field 01338cam a2200349 a 4500
001 - CONTROL NUMBER
control field 14959317
003 - CONTROL NUMBER IDENTIFIER
control field OSt
005 - DATE AND TIME OF LATEST TRANSACTION
control field 20230125110332.0
008 - FIXED-LENGTH DATA ELEMENTS--GENERAL INFORMATION
fixed length control field 070809s2008 mau b 001 0 eng
010 ## - LIBRARY OF CONGRESS CONTROL NUMBER
LC control number 2007032776
015 ## - NATIONAL BIBLIOGRAPHY NUMBER
National bibliography number GBA848077
Source bnb
016 7# - NATIONAL BIBLIOGRAPHIC AGENCY CONTROL NUMBER
Record control number 014566937
Source Uk
020 ## - INTERNATIONAL STANDARD BOOK NUMBER
International Standard Book Number 9780674027725 (alk. paper)
020 ## - INTERNATIONAL STANDARD BOOK NUMBER
International Standard Book Number 9780674035072
020 ## - INTERNATIONAL STANDARD BOOK NUMBER
International Standard Book Number 0674027728 (alk. paper)
035 ## - SYSTEM CONTROL NUMBER
System control number (OCoLC)ocn163707922
035 ## - SYSTEM CONTROL NUMBER
System control number (OCoLC)163707922
040 ## - CATALOGING SOURCE
Original cataloging agency DLC
Transcribing agency DLC
Modifying agency DLC
050 00 - LIBRARY OF CONGRESS CALL NUMBER
Classification number BF637.P74
Item number S65 2008
082 00 - DEWEY DECIMAL CLASSIFICATION NUMBER
Classification number 155.92 SOL
Edition number 22
100 1# - MAIN ENTRY--PERSONAL NAME
Personal name Solove, Daniel J.,
Dates associated with a name 1972-
245 10 - TITLE STATEMENT
Title Understanding Privacy /
Statement of responsibility, etc. Daniel J. Solove.
260 ## - PUBLICATION, DISTRIBUTION, ETC.
Place of publication, distribution, etc. Cambridge, Mass. :
Name of publisher, distributor, etc. Harvard University Press,
Date of publication, distribution, etc. 2008.
300 ## - PHYSICAL DESCRIPTION
Extent x, 257 p. ;
Dimensions 25 cm.
504 ## - BIBLIOGRAPHY, ETC. NOTE
Bibliography, etc. note Includes bibliographical references (p. [199]-246) and index.
505 ## - FORMATTED CONTENTS NOTE
Formatted contents note Privacy : a concept in disarray;<br/>Theories of privacy and their shortcomings;<br/>Reconstructing privacy;<br/>The value of privacy;<br/>A taxonomy of privacy;<br/>Privacy : a new understanding.
650 #0 - SUBJECT ADDED ENTRY--TOPICAL TERM
Topical term or geographic name entry element Privacy.
856 41 - ELECTRONIC LOCATION AND ACCESS
Materials specified Table of contents only
Uniform Resource Identifier <a href="http://www.loc.gov/catdir/toc/ecip0724/2007032776.html">http://www.loc.gov/catdir/toc/ecip0724/2007032776.html</a>
906 ## - LOCAL DATA ELEMENT F, LDF (RLIN)
a 7
b cbc
c orignew
d 1
e ecip
f 20
g y-gencatlg
942 ## - ADDED ENTRY ELEMENTS (KOHA)
Source of classification or shelving scheme Dewey Decimal Classification
Koha item type BOOKs
Holdings
Withdrawn status Lost status Source of classification or shelving scheme Materials specified (bound volume or other part) Damaged status Not for loan Home library Current library Shelving location Date acquired Source of acquisition Cost, normal purchase price Total Checkouts Full call number Barcode Date last seen Date last checked out Price effective from Koha item type
    Dewey Decimal Classification PB     . . General Stacks 25.01.2023 Purchased 2496.00 1 155.92 SOL 39013 11.05.2023 02.05.2023 25.01.2023 BOOKs